000 00789nam a2200277Ia 4500
003 OSt
005 20220926013551.0
006 a|||||r|||| 00| 0
007 ta
008 220923b |||||||| |||| 00| 0 eng d
020 _a471 45683 7
037 _cGeneral Book
040 _aRTL
_cRTL
_beng
041 _2eng
_aeng
082 _aB32, L0.1
100 _aKaplan Wilfred
245 0 _aCalculus and linear algebra
260 _aNew York
_bJohn Wiley
_c1970
300 _axiv,640+49p.
_ccm.
490 _vV 1: Vectors in the palne and one variable calculus (xiv,690p)
500 _aAppendixes: P A1-A44
650 _aCalculus
700 _a Lewis Donald J
942 _hB32, L0.1
_cGB
_2CC
999 _c626273
_d626273